Mystery Taylor Swift Song #121 - Statistics

General Stats
  • This quiz has been taken 240 times
    234 since last reset
  • The average score is 85 of 116
Answer Stats
Song % Correct
I
95%
the
95%
a
94%
you
92%
an
91%
folklore
91%
me
91%
is
90%
be
88%
(And
87%
and
87%
in
87%
my
87%
when
87%
your
87%
to
86%
They
85%
this
85%
I'm
84%
of
84%
So
84%
want
84%
all
83%
have
83%
just
83%
that
83%
were
83%
car
82%
know
82%
on
82%
what
82%
But
81%
it's
81%
trying
81%
wanted
81%
was
81%
You're
81%
if
79%
didn't
78%
here
78%
like
78%
this is me trying
77%
up
77%
about
76%
At
76%
don't
76%
got
76%
I've
76%
say
76%
say)
76%
had
75%
time
75%
told
75%
lot
74%
now
74%
been
73%
hard
73%
mad
73%
you'd
73%
regrets
72%
care
71%
down
71%
least
71%
potential
71%
feel
70%
having
70%
wasted
70%
came
69%
out
69%
back
68%
became
68%
ended
68%
heart
68%
mental
68%
one
68%
they're
68%
way
68%
ahead
67%
curve
67%
pour
67%
sphere
67%
rusting
66%
whiskey
66%
adjusting
65%
cages
65%
classmates
65%
Fell
65%
stranger
65%
doorway
64%
kill
64%
reel
64%
anywhere
63%
behind
63%
days
63%
off
63%
party
63%
shoot
63%
these
63%
open
62%
shiniest
62%
words
62%
wound
62%
film
61%
town
61%
wheels
60%
Could've
59%
flashback
58%
road
58%
screen
57%
quite
55%
Pouring
54%
fears
53%
followed
53%
lookout
50%
Pulled
45%
maybe
42%
No matching quizzes found
Score Distribution
Percent of People with Each Score
Percentile by Number Answered
Your Score History
You have not taken this quiz since the last reset